| 000 | 00386nam a2200157Ia 4500 | ||
|---|---|---|---|
| 003 | Ost | ||
| 005 | 20260225132554.0 | ||
| 008 | 260225s9999||||xx |||||||||||||| ||und|| | ||
| 040 | _cfsic | ||
| 041 | _afre | ||
| 082 | _a440 | ||
| 100 |
_aMoirand Sophie _eAuteur |
||
| 245 | 0 | _aLes Discours de la presse quotidienne : | |
| 245 | 0 |
_bobserver, analyse / _cMoirand Sophie |
|
| 942 | _cكتاب | ||
| 999 |
_c34340 _d34340 |
||